000 00605nam a22002057a 4500
999 _c6572
_d6572
003 OSt
005 20200204115813.0
008 200204b ||||| |||| 00| 0 eng d
020 _a0471159603
040 _c040a
082 _a573.2
_bKIN 1993
100 _aKingdon, Jonathan
_98361
245 _aSelf-made man:
_bhuman evolution from eden to extinction? /
_cJonathan Kingdon
260 _aNew York
_bJohn Wiley and sons
_c1993
300 _axiii,369;
_bill:
_c12 cm.
504 _aIncludes bibliographical references and index
650 _2Self made
650 _2Human evolution
942 _2ddc
_cO_SHELF